Information systems in business management : with software and BASIC tutorials
Αποθηκεύτηκε σε:
| Κύριος συγγραφέας: | |
|---|---|
| Μορφή: | Βιβλίο |
| Γλώσσα: | English |
| Δημοσίευση: |
Homewood, Ill. :
Irwin,
1988
|
| Έκδοση: | 5th ed. |
| Σειρά: | Irwin series in information and decision sciences
|
| Θέματα: | |
| Ετικέτες: |
Προσθήκη ετικέτας
Δεν υπάρχουν, Καταχωρήστε ετικέτα πρώτοι!
|
MARC
| LEADER | 00000cam a2200000 i 4500 | ||
|---|---|---|---|
| 001 | 1/26385 | ||
| 008 | 950719s1988 eng d | ||
| 020 | |a 0256058032 | ||
| 035 | |l 10022665 | ||
| 040 | |a GR-MY-UA |b gre |e aacr | ||
| 041 | 0 | |a eng | |
| 082 | 0 | |a 658.054 | |
| 100 | 1 | |a O'Brien, James A., |d 1936- | |
| 245 | 1 | 0 | |a Information systems in business management : |b with software and BASIC tutorials / |c James A. O'Brien |
| 250 | |a 5th ed. | ||
| 260 | |a Homewood, Ill. : |b Irwin, |c 1988 | ||
| 300 | |a xxv, 617, [181] σ.; |b εικ.; |c 27 εκ. | ||
| 490 | 1 | |a Irwin series in information and decision sciences | |
| 500 | |a Rev. ed. of: Computers in business management. 4th ed. 1985 | ||
| 500 | |a Tutorials are accomplished by using available commercial software packages and IBM PC or compatible equipment with 256K and DOS 2.0 or higher | ||
| 504 | |a Περιλαμβάνει ευρετήριο | ||
| 650 | 0 | 0 | |a Business |x Data processing. |
| 650 | 0 | 0 | |a Management |x Data processing. |
| 650 | 0 | 0 | |a BASIC (Computer program language) |
| 830 | 0 | |a Irwin series in information and decision sciences | |
| 852 | |a INST |b CHIOS |e 19950719 |h 658.054 OBR |p 005200002335 |q 005200002335 |t BK |y 12 | ||
| 909 | |a Χ |b 020951 | ||